Click Chain #3 - Statistics

General Stats
  • This quiz has been taken 51,309 times
  • The average score is 20 of 30
Answer Stats
Hint Answer % Correct
The best basketball player in NBA history is Michael: Jordan
99%
... and in 10-pin bowling that is worth at least: 60
91%
... which became an emirate after the dissolution of: The Ottoman Empire
86%
... whose power was centered in modern: Turkey
83%
... who suffered the Blitz during: World War II
83%
... which can have a small fertile patch called an: Oasis
79%
... which is the largest hot: Desert
77%
... whose dictator was: Castro
75%
... who was often seen with a: Cigar
75%
... which provides the setting for the film: Casablanca
71%
... which is the largest city in: Morocco
71%
... whose elite consumed beverages made with: Chocolate
70%
... who released (What's the Story): Morning Glory
70%
... whose largest city is: New Orleans
70%
... who claims possession of the disputed Western: Sahara
70%
... whose Pelicans play in the: NBA
69%
... which can be used to make a: Bagel
68%
... which is the year Romans crushed an uprising led by: Boudica
65%
... which is the capital of: Cuba
63%
... who sold the United States the territory of: Louisiana
63%
... which is a heterograph of: Flour
60%
... whose largest diasporic population is in: The United States
58%
... which is a common term for a type of: Flower
57%
... whose cultural origins are: Jewish
55%
... who fell under the 1843 "protection" of: France
53%
... whose top producer is: Ivory Coast
52%
... who lived in modern: England
49%
... which sank in the port of: Havana
42%
... who went to war with Spain over the: USS Maine
41%
... which is etymologically derived from: Mayan
32%
No matching quizzes found
Score Distribution
Percent of People with Each Score
Percentile by Number Answered
Your Score History
You have not taken this quiz